|
|
|
|
| LEADER |
01439nam a2200349 a 4500 |
| 001 |
000565871 |
| 003 |
CZ BrMZK |
| 005 |
20140107123255.0 |
| 007 |
ta |
| 008 |
010907s2001 xr cze d |
| 015 |
|
|
|a cnb000888099
|
| 020 |
|
|
|a 80-7185-357-7
|
| 035 |
|
|
|a (OCoLC)50345510
|
| 040 |
|
|
|a BOA001
|b cze
|
| 041 |
1 |
|
|a cze
|h eng
|
| 080 |
|
|
|a 821.111(73)-31
|2 MRF
|
| 100 |
1 |
|
|a Nabokov, Vladimir Vladimirovič,
|d 1899-1977
|7 jn19992010056
|4 hnr
|
| 245 |
1 |
0 |
|a Pnin /
|c Vladimir Nabokov ; [z angličtiny přeložil Pavel Dominik ; doslov napsala Kamila Chlupáčová]
|
| 250 |
|
|
|a Vyd. 1.
|
| 260 |
|
|
|a Praha :
|b Paseka,
|c 2001
|
| 300 |
|
|
|a 181 s. ;
|c 21 cm
|
| 500 |
|
|
|a Dostupné též v digitální podobě v aplikaci Kramerius
|
| 655 |
|
7 |
|a americké romány
|7 fd131796
|2 czenas
|
| 700 |
1 |
|
|a Chlupáčová, Kamila,
|d 1926-
|7 jk01050222
|4 trl
|
| 700 |
1 |
|
|a Dominik, Pavel,
|d 1952-
|7 jn20000400506
|4 trl
|
| 765 |
0 |
|
|t Pnin
|
| 856 |
4 |
1 |
|u https://www.digitalniknihovna.cz/mzk/uuid/uuid:a4d84190-5a23-11e6-8e4e-005056827e51
|y Digitalizovaný dokument
|x NDK
|
| 910 |
|
|
|a BOA001
|b 2-1087.975
|
| 990 |
|
|
|a BK
|
| 996 |
6 |
|
|b 2610138617
|c 2-1087.975
|l MZK
|r Sklad / do 1 hodiny
|n 5
|p p.v.
|w 000565871
|u 000010
|a 1
|e BOA001
|j MZK50
|s P
|
| 996 |
7 |
|
|b 2610575334
|c 2-1087.975
|l MZK
|r Sklad / do 1 hodiny
|n 12
|p kup
|w 000565871
|u 000020
|a 1
|e BOA001
|j MZK50
|s A
|
| 996 |
7 |
|
|b 2610575335
|c 2-1087.975
|l MZK
|r Sklad / do 1 hodiny
|n 4
|p kup
|w 000565871
|u 000030
|a 1
|e BOA001
|j MZK50
|s A
|